000 00677cam a2200229 4500500
005 20260329005016.0
041 _afre
042 _adc
100 1 0 _aLarmagnac-Matheron, Octave
_eauthor
245 0 0 _aSmartphone, la fracture détaillée
260 _c2022.
500 _a48
690 _aÂge
690 _aGénération
690 _aInégalités
690 _aMaurizio Ferraris
690 _aSmartphone
690 _atéléphone
690 _aTéléphone portable
786 0 _nPhilosophie magazine | 157 | 3 | 2022-03-01 | p. 8-8 | 1951-1787
856 4 1 _uhttps://shs.cairn.info/magazine-philosophie-magazine-2022-3-page-8?lang=fr&redirect-ssocas=7080
999 _c1839408
_d1839408